|
|
|
|
| LEADER |
02095nem a22004572a 4500 |
| 001 |
mzk03001060041 |
| 003 |
CZ BrMZK |
| 005 |
20110907115244.0 |
| 007 |
aj|aa||| |
| 008 |
080211s1654 gw i||||||a|||r|1|||gerod |
| 034 |
0 |
|
|a a
|d E0095900
|e E0095900
|f N0532800
|g N0532800
|
| 040 |
|
|
|a BOA001
|b cze
|
| 043 |
|
|
|a e-gx---
|
| 072 |
|
7 |
|a 912:904
|x Staré mapy
|2 Konspekt
|9 7
|
| 080 |
|
|
|a (084.3)
|2 MRF
|
| 080 |
|
|
|a (430.113)
|2 MRF
|
| 080 |
|
|
|a 912.43:069.5
|2 MRF
|
| 100 |
1 |
|
|a Merian, Caspar,
|d 1627-1686
|7 mzk2010577478
|4 aut
|
| 245 |
1 |
4 |
|a Die jetzige Newe Vestung Harburg
|h [kartografický dokument]
|
| 255 |
|
|
|a Měřítko neuvedeno
|c (009°59´00" v.d.--009°59´00" v.d./053°28´00" s.š.--053°28´00" s.š.)
|
| 260 |
|
|
|a [Frankfurt a. Main :
|b Casp. Merian fec.,
|c 1654]
|
| 300 |
|
|
|a 1 mapa :
|b mědirytina, podlepená papírem ;
|c 15 x 17 cm na listu 15,5 x 18 cm
|
| 500 |
|
|
|a Mědirytina součástí souboru "Topographia und Eigentliche Beschreibung Der Vornembsten Stäte, Schlösser auch anderer Plätze und Örter in denen Hertzogthümern Braunschweig und Lüneburg"
|
| 500 |
|
|
|a Přívazek 2 k: Prospect der Statt vndt Vestung Harburg / Caspar Merian
|
| 500 |
|
|
|a Výzdoba: U horního okraje název, uprostřed pravého okraje rejstřík, zobrazení pevnosti
|
| 510 |
3 |
|
|a IKAR
|
| 510 |
4 |
|
|a Kuchař, K. Mapová sbírka B.P. Molla,
|c s. 422
|
| 655 |
|
7 |
|a historické mapy
|7 fd186723
|2 czenas
|
| 650 |
0 |
4 |
|a Mollova mapová sbírka
|
| 650 |
0 |
7 |
|a mapové sbírky
|z Česko
|7 ph182407
|2 czenas
|
| 610 |
2 |
7 |
|a Moravská zemská knihovna (Brno, Česko).
|b Mapová sbírka B.P. Molla
|7 mzk2005304487
|2 czenas
|
| 651 |
|
7 |
|a Harburg (Hamburk, Německo)
|7 ge289658
|2 czenas
|
| 856 |
4 |
1 |
|u http://mapy.mzk.cz/mzk03/001/060/041/2619317051_03
|y Digitalizovaný dokument
|
| 903 |
|
|
|a RP
|
| 910 |
|
|
|a BOA001
|b Moll-0005.360,přív.2
|
| 978 |
|
|
|b Merian, Caspar
|a Frankfurt a.M.
|c 1654
|
| 984 |
|
|
|a Frankfurt nad Mohanem
|b Německo
|
| 985 |
|
|
|a 1651-1700
|
| 990 |
|
|
|a MP
|
| 991 |
|
|
|k mzk
|
| 994 |
|
|
|a UP
|l MZK03
|b 001060038
|m přívazek 2
|n záznam 1. díla (pro objednání pokračujte kliknutím)
|